|
|
|
|
| LEADER |
00000cas a2200000 c 4500 |
| 001 |
254633242 |
| 003 |
DE-627 |
| 005 |
20230413134858.0 |
| 007 |
tu |
| 008 |
990211c19989999xxuz| p| s 0 |0und c |
| 016 |
7 |
|
|a 019557426
|2 DE-101
|
| 016 |
7 |
|
|a 1462397-3
|2 DE-600
|
| 035 |
|
|
|a (DE-627)254633242
|
| 035 |
|
|
|a (DE-576)074530569
|
| 035 |
|
|
|a (DE-599)ZDB1462397-3
|
| 035 |
|
|
|a (OCoLC)1368078559
|
| 040 |
|
|
|a DE-627
|b ger
|c DE-627
|e rakwb
|
| 044 |
|
|
|c XD-US
|
| 082 |
0 |
4 |
|a 340
|q DE-600
|
| 084 |
|
|
|a 5,3
|2 ssgn
|
| 245 |
0 |
0 |
|a Indicators of school crime and safety
|c U.S. Department of Education, Office of Educational Research and Improvement, National Center for Education Statistics ; U.S. Department of Justice, Office of Justice Programs, Bureau of Justice Statistics
|
| 264 |
3 |
1 |
|a Washington, DC
|b Bureau
|c 1998-
|
| 336 |
|
|
|a Text
|b txt
|2 rdacontent
|
| 337 |
|
|
|a ohne Hilfsmittel zu benutzen
|b n
|2 rdamedia
|
| 338 |
|
|
|a Band
|b nc
|2 rdacarrier
|
| 362 |
0 |
|
|a 1998 -
|
| 363 |
0 |
1 |
|i 1998
|
| 655 |
|
7 |
|a Zeitschrift
|0 (DE-588)4067488-5
|0 (DE-627)10454466X
|0 (DE-576)20917000X
|2 gnd-content
|
| 655 |
|
7 |
|a Statistik
|0 (DE-588)4056995-0
|0 (DE-627)106152955
|0 (DE-576)209119799
|2 gnd-content
|
| 689 |
0 |
0 |
|d g
|0 (DE-588)4078704-7
|0 (DE-627)106076612
|0 (DE-576)209209682
|a USA
|2 gnd
|
| 689 |
0 |
1 |
|d s
|0 (DE-588)4053474-1
|0 (DE-627)104409630
|0 (DE-576)209103981
|a Schule
|2 gnd
|
| 689 |
0 |
2 |
|d s
|0 (DE-588)4033178-7
|0 (DE-627)10458503X
|0 (DE-576)209000511
|a Kriminalität
|2 gnd
|
| 689 |
0 |
|
|5 DE-101
|
| 710 |
2 |
|
|a USA
|b Office of Educational Research and Improvement
|e Herausgebendes Organ
|0 (DE-588)5008011-8
|0 (DE-627)102597111
|0 (DE-576)193401495
|4 isb
|
| 935 |
|
|
|a mkri
|
| 951 |
|
|
|a JT
|
| ELC |
|
|
|b 1
|
| LOK |
|
|
|0 000 xxxxxcy a22 3n 4500
|
| LOK |
|
|
|0 001 235094851X
|
| LOK |
|
|
|0 003 DE-627
|
| LOK |
|
|
|0 004 254633242
|
| LOK |
|
|
|0 005 20031125000000
|
| LOK |
|
|
|0 008 990302||||||||||||||||ger|||||||
|
| LOK |
|
|
|0 035
|a (DE-600)052916936
|
| LOK |
|
|
|0 040
|a DE-21
|c DE-627
|d DE-21
|
| LOK |
|
|
|0 852
|8 1
|
| LOK |
|
|
|0 852
|a DE-21
|
| LOK |
|
|
|0 852 1
|c ZB 4703
|9 00
|
| LOK |
|
|
|0 85900
|8 1.1
|i 1998
|
| LOK |
|
|
|0 85900
|8 2.1
|i 2001
|
| LOK |
|
|
|0 86630
|a 1998; 2001
|
| LOK |
|
|
|0 939
|a 02-03-99
|b z01
|
| ORI |
|
|
|a SA-MARC-krimdoka001.raw
|